Countries with Most Sikhs - Statistics

General Stats
  • This quiz has been taken 57 times
  • The average score is 9 of 14
Answer Stats
# Country % Correct
22,700,000 India
100%
50,000 Pakistan
93%
700,000 United States
91%
853,000 United Kingdom
89%
468,670 Canada
85%
125,904 Australia
74%
40,908 New Zealand
70%
100,000 Malaysia
61%
70,000 Thailand
56%
70,000 Italy
52%
50,000 Philippines
30%
100,000 Kenya
24%
100,000 Tanzania
24%
100,000 Uganda
22%
No matching quizzes found
Score Distribution
Percent of People with Each Score
Percentile by Number Answered
Your Score History
You have not taken this quiz